[Event "Stay Safe Play From Home 202"]
[Site "T#646585Emanuel Laske"]
[Date "2020.06.05"]
[Round "7"]
[White "Haris kollari 13"]
[Black "Cubail"]
[Result "1-0"]
[WhiteElo "1619"]
[BlackElo "1355"]
[Annotator "NA RC"]
[PlyCount "43"]
[EventDate "2020.06.05"]
[EventType "swiss (blitz)"]

1. e4 {[%emt 0:00:01]} e6 {[%emt 0:00:04]} 2. f4 {[%emt 0:00:00]} c6 {[%emt 0:00:01]} 3. e5 {[%emt 0:00:00]} d5 {[%emt 0:00:01]} 4. d4 {[%emt 0:00:01]} c5 {[%emt 0:00:01]} 5. Nf3 {[%emt 0:00:00]} Nc6 {[%emt 0:00:01]} 6. c3 {[%emt 0:00:01]} Qb6 {[%emt 0:00:01]} 7. Be2 {[%emt 0:00:03]} cxd4 {[%emt 0:00:01]} 8. cxd4 {[%emt 0:00:01]} Bb4+ {[%emt 0:00:01]} 9. Nc3 {[%emt 0:00:01]} Nge7 {[%emt 0:00:05]} 10. a3 {[%emt 0:00:01]} Ba5 {[%emt 0:00:02]} 11. b4 {[%emt 0:00:01]} Nxb4 {[%emt 0:00:01]} 12. axb4 {[%emt 0:00:01]} Bxb4 {[%emt 0:00:01]} 13. Bd2 {[%emt 0:00:01]} Nf5 {[%emt 0:00:06]} 14. Rb1 {[%emt 0:00:02]} a5 {[%emt 0:00:02]} 15. Bb5+ {[%emt 0:00:06]} Ke7 {[%emt 0:00:04]} 16. O-O {[%emt 0:00:04]} Nxd4 {[%emt 0:00:02]} 17. Kh1 {[%emt 0:00:05]} Nxf3 {[%emt 0:00:06]} 18. Ba4 {[%emt 0:00:11]} Nxd2 {[%emt 0:00:04]} 19. Qxd2 {[%emt 0:00:01]} Bxc3 {[%emt 0:00:05]} 20. Qxc3 {[%emt 0:00:03]} Qd8 {[%emt 0:00:03]} 21. Qc5+ {[%emt 0:00:01]} Qd6 {[%emt 0:00:06]} 22. Qxd6# {[%emt 0:00:01] (Lag: Av=0.41s, max=1.3s)} 1-0

[Event "Stay Safe Play From Home 202"]
[Site "T#646585Emanuel Laske"]
[Date "2020.06.05"]
[Round "7"]
[White "Trotsky"]
[Black "Rogan"]
[Result "0-1"]
[WhiteElo "1619"]
[BlackElo "2202"]
[Annotator "TA"]
[PlyCount "96"]
[EventDate "2020.06.05"]
[EventType "swiss (blitz)"]

{[%evp 9,96,20,79,6,35,-19,9,-56,-24,-139,-8,-16,0,-64,-66,-129,-73,-275,-201,-181,-187,-312,-295,-329,-293,-418,-268,-289,-195,-285,-287,-290,-287,-267,-268,-274,-217,-266,-256,-383,-381,-372,-326,-446,-450,-702,-672,-709,-731,-573,-591,-744,-739,-667,-558,-560,-569,-559,-358,-368,-379,-1206,-1172,-1142,-508,-485,-356,-403,-303,-517,-514,-785,-760,-29994,484,477,460,-29991,717,681,1054,1041,1050,1016,992,974,888,868,772]} 1. d4 d5 2. e3 c6 3. c4 Nf6 4. Nc3 Bg4 5. f3 Bh5 {[#]} (5... Bc8 $11) 6. c5 $146 {D10: Slav Defence: 3 cxd5 (without early Nf3) and 3 Nc3.} (6. Qb3 $16) ({Predecessor:} 6. Qb3 Qb6 7. g4 Qxb3 8. axb3 Bg6 9. g5 Nfd7 10. cxd5 Nb6 11. dxc6 Nxc6 12. Bb5 e6 13. Nge2 a6 14. Bxc6+ bxc6 15. e4 c5 16. Be3 {1-0 (16) Schlosser,P (2514)-Mostbauer,F (2375) Austria 2019}) 6... Nbd7 7. g4 (7. Nh3 $14) 7... Bg6 $11 8. Bd3 (8. g5 $11) 8... e5 $15 9. Qc2 {[#]} (9. b4 $11 {keeps the balance.}) 9... exd4 (9... e4 $1 $17 {[%mdl 512]} 10. fxe4 dxe4 11. Nxe4 Nxe4 12. Bxe4 Qh4+ {[%mdl 64] Double Attack} 13. Kf1 Qxg4 14. Bxg6 hxg6) 10. exd4 $11 Be7 11. Bd2 ({Better is} 11. b4 $11) 11... b6 $15 12. O-O-O (12. cxb6 $15 axb6 13. Nge2) 12... bxc5 ({Black should try} 12... Bxd3 13. Qxd3 bxc5) 13. h4 $2 (13. Bxg6 $17 hxg6 14. Nge2) 13... Bxd3 14. Qxd3 cxd4 15. Nce2 (15. Qxd4 $142 O-O 16. g5) 15... c5 $19 16. Nh3 Rb8 17. Kb1 {[#]} (17. Bf4 $142 Rb6 18. Kb1) 17... Qb6 $1 {[%csl Gb8][%cal Rb6b2]} 18. Bc1 h6 19. Ka1 (19. Nhf4 $142) 19... Ne5 20. Qc2 d3 21. Rxd3 Nxd3 22. Qxd3 Nd7 23. Qc2 Bf6 24. Nc3 (24. Nhf4 {might work better.}) 24... Bxc3 25. Qxc3 d4 26. Qd3 O-O 27. Ng5 (27. g5 $142 c4 28. Qc2) 27... hxg5 28. hxg5 {[%csl Gh1][%cal Rd3h7]} g6 29. f4 Kg7 30. f5 Rh8 31. f6+ Nxf6 32. gxf6+ Qxf6 33. Rf1 Qe5 34. Bf4 Qd5 35. Re1 $2 (35. Bxb8 Rxb8 36. b3) 35... Rh1 36. Be5+ Qxe5 (36... f6 $142 37. Bg3 Qg2) 37. Rxh1 {[%mdl 4096] Endgame KQR-KQR} Re8 38. Rd1 Qe2 39. Qb1 $2 (39. Qxe2 {was worth a try.} Rxe2 40. b4) 39... d3 {Strongly threatening ...d2.} 40. a3 (40. b3 $142 Rd8 41. Re1 Qxg4 42. Qb2+ Rd4 43. Qd2) 40... c4 41. Re1 Qe5 $4 {[%mdl 8192]} (41... Qxe1 42. a4 d2 43. g5 Qxb1+ {[%mdl 64] Back Rank} 44. Kxb1 d1=Q+ {[%mdl 64] Double Attack} 45. Ka2 Qxa4+ 46. Kb1 Re1#) 42. Rxe5 $18 Rxe5 {KQ-KR} 43. Qa2 $4 {[%mdl 8192]} (43. Qc1 $18) 43... Re6 $4 {[%mdl 8192]} (43... Re1+ {and all is fine.} 44. Qb1 d2 45. Ka2 Rxb1 46. Kxb1 d1=Q+ {[%mdl 64] Double Attack} 47. Ka2 a5 48. g5 a4 49. b4 c3 50. b5 Qe2+ {[%mdl 64] Double Attack} 51. Kb1 Qb2#) 44. Qxc4 {White is clearly winning.} Rf6 {[#]} 45. Qd4 $1 {Threatening mate with g5.} g5 46. Qe5 Kg6 47. Qe4+ Kg7 48. Qxd3 Re6 {[%mdl 32768] Quite a comeback for White. Accuracy: White = 15%, Black = 41%. . Loss on time!?} 0-1

[Event "Stay Safe Play From Home 202"]
[Site "T#646585Emanuel Laske"]
[Date "2020.06.05"]
[Round "8"]
[White "SecantFX"]
[Black "Mepe_Nika"]
[Result "0-1"]
[WhiteElo "1852"]
[BlackElo "2320"]
[Annotator "TA"]
[PlyCount "128"]
[EventDate "2020.06.05"]
[EventType "swiss (blitz)"]

{[%evp 9,127,-56,0,-13,31,31,221,236,211,20,24,13,9,17,75,70,85,85,90,38,57,13,126,105,101,91,62,14,93,-37,-43,-86,-55,-46,-20,-48,-13,-16,0,-19,-8,-29,-26,-64,-60,-146,-144,-144,-144,-170,-164,-168,-166,-264,-270,-271,-255,-338,-335,-314,-276,-363,-286,-340,-352,-375,-356,-660,-684,-685,-398,-1383,-1392,-986,-923,-2251,-1974,-5306,-4910,-5985,-5936,-5073,-2878,-29962,-6403,-12791,-9884,-6304,-5695,-5608,-5608,-29989,-29990,-29989,-29990,-29990,-29991,-29991,-29992,-29994,-29993,-29993,-29993,-29993,-29994,-29994,-29995,-29995,-29995,-29995,-29996,-29996,-29997,-29998,-29998,-29998,-29998,-29998,-29999,-29999]} 1. g3 d5 2. Bg2 c6 3. f3 Nf6 {[#]} 4. b3 $146 ({Predecessor:} 4. f4 b6 5. d3 Bf5 6. e3 e6 7. Qe2 Nbd7 8. e4 Bb4+ 9. Bd2 Bg4 10. Bf3 {1-0 (29) Ipekyilmaz,E (1552)-Miedema,H (1221) ICCF email 2016}) 4... Bf5 5. Bb2 Qd7 (5... Nbd7 $15) 6. d3 {A00: Irregular Openings.} e6 7. e4 Bb4+ $2 ({Better is} 7... Bg6 $14) 8. c3 $18 {White is clearly better.} dxe4 9. fxe4 $2 ({White should try} 9. dxe4 $18 Bc5 10. exf5) 9... Bg4 $11 10. Bf3 (10. Nf3 {feels hotter.} Be7 11. Na3 O-O 12. Qc2 Bh5 13. O-O) 10... Bxf3 11. Nxf3 Bc5 (11... Be7 $11) 12. d4 $16 {aiming for e5.} Bb6 13. e5 $36 {[%mdl 2048] Keeping Black busy.} Nd5 {[#]} 14. Qe2 (14. c4 $1 $16 {[%cal Rc4d5]} Ne7 15. Nc3) 14... O-O 15. Nbd2 f6 (15... c5 $1 $11 {remains equal.}) 16. Nc4 f5 17. O-O c5 18. Rad1 Nc6 (18... f4 $1 $11) 19. Nd6 (19. Nxb6 $16 axb6 20. c4) 19... cxd4 $15 20. Nxd4 Nxd4 21. cxd4 Kh8 22. Nc4 Rac8 23. Nd6 Rcd8 24. Rc1 a6 25. Rcd1 Ba7 26. Rf3 Bb8 27. Rfd3 {Black converts the advantage convincingly.} ({White should play} 27. Ba3 $15) 27... Bxd6 $17 28. exd6 Qxd6 29. Qe5 Qxe5 30. dxe5 f4 31. g4 (31. Ba3 $142 Rf5 32. gxf4) 31... g5 $19 32. Kf2 Kg7 33. R1d2 Kg6 34. Bd4 Rc8 35. b4 Rc1 ({Much less strong is} 35... Nxb4 36. Rb3 $19) 36. Bc5 Rc8 37. Rxd5 exd5 {[%mdl 4096] Endgame KRR-KRB} 38. Kf3 $2 {[#]} (38. Rxd5 Rc2+ 39. Kf3) 38... b6 $1 39. Bxb6 R8c2 40. Ke2 $2 (40. Rxd5 Rf1+ 41. Ke4 Re1+ 42. Kd3 Rd1+ 43. Kxc2 Rxd5 44. Kc3) 40... Rxd2+ 41. Kxd2 {KR-KB} Rh1 42. e6 Rxh2+ 43. Kd3 Kf6 44. e7 Kxe7 45. a4 Kd7 46. Bc5 Kc6 (46... Ra2 $142 47. b5 Rxa4 48. bxa6 Rxa6 49. Ke2 Ra2+ 50. Kf3 Rb2 51. Bd4 Rb3+ 52. Kf2 Rg3 53. Bg7 Rxg4 54. Bh6 Rg3 55. Bg7 h5 56. Bf6 h4 57. Ke2 h3 58. Bxg5 Rxg5 59. Kf3 h2 60. Kxf4 Rg2 61. Kf3 h1=Q 62. Kf4 Qh4+ 63. Ke5 Qe4+ 64. Kf6 Qf4#) 47. Kd4 h5 48. gxh5 Rxh5 49. Ke5 {[#]} a5 $1 50. b5+ (50. bxa5 Kxc5) 50... Kxc5 {KR-KPP. Black mates.} 51. Kf5 f3 52. Kg4 {[#]} f2 $1 53. Kxh5 f1=Q 54. Kxg5 d4 55. b6 d3 56. b7 Qf8 57. b8=Q Qxb8 58. Kf5 Qe8 59. Kf4 d2 60. Kf3 d1=Q+ 61. Kf2 Qdd7 62. Kg3 Qdf7 63. Kh4 Qeg8 {[%cal Rf7h7]} 64. Kh3 Qfh7# {Accuracy: White = 30%, Black = 62%.} 0-1

[Event "Stay Safe Play From Home 202"]
[Site "T#646585Emanuel Laske"]
[Date "2020.06.05"]
[Round "8"]
[White "Leauacristi"]
[Black "Little champs"]
[Result "1-0"]
[WhiteElo "1765"]
[BlackElo "2323"]
[Annotator "TA"]
[PlyCount "33"]
[EventDate "2020.06.05"]
[EventType "swiss (blitz)"]

{[%evp 19,33,2,1,-11,20,0,0,0,0,-10,10,0,11,0,29,-4]} 1. e4 e6 2. d4 d5 3. exd5 exd5 4. Bd3 Nf6 5. Nf3 Be7 6. O-O O-O 7. Re1 c5 8. c3 cxd4 9. cxd4 Nc6 10. Nc3 Bg4 11. Be3 {B14: Caro-Kann: Panov-Botvinnik Attack with 5...e6 and 5...g6.} Bb4 12. Rc1 {[#]} Bxc3 $146 ({Predecessor:} 12... Ne4 13. Rf1 f5 14. a3 Nxc3 15. bxc3 Bxa3 16. Ra1 Bd6 17. c4 f4 18. Bd2 Nxd4 19. cxd5 Nxf3+ 20. gxf3 Bh3 21. Re1 Qg5+ {0-1 (22) De Mooij,M-Ramirez Carrizo,V (2144) ICC INT 2009}) 13. Rxc3 {The position is equal.} Ne4 14. Rc1 Qf6 15. Be2 Rfe8 16. a3 Rad8 17. b4 {[%mdl 32768] An uneventful encounter. Accuracy: White = 84%, Black = 69%. . Loss on time!?} (17. Ne5 $5 Bxe2 18. Rxe2 $11) 1-0

[Event "Stay Safe Play From Home 202"]
[Site "T#646585Emanuel Laske"]
[Date "2020.06.05"]
[Round "8"]
[White "Haris kollari 13"]
[Black "XShot"]
[Result "0-1"]
[WhiteElo "1625"]
[BlackElo "2515"]
[Annotator "NA RC"]
[PlyCount "68"]
[EventDate "2020.06.05"]
[EventType "swiss (blitz)"]

1. e4 {[%emt 0:00:01]} c6 {[%emt 0:00:00]} 2. f4 {[%emt 0:00:01]} d5 {[%emt 0:00:00]} 3. e5 {[%emt 0:00:01]} c5 {[%emt 0:00:01]} 4. d4 {[%emt 0:00:01]} Nc6 {[%emt 0:00:00]} 5. Nf3 {[%emt 0:00:01]} Bg4 {[%emt 0:00:01]} 6. c3 {[%emt 0:00:01]} Bxf3 {[%emt 0:00:00]} 7. gxf3 {[%emt 0:00:03]} cxd4 {[%emt 0:00:00]} 8. cxd4 {[%emt 0:00:01]} e6 {[%emt 0:00:00]} 9. Be3 {[%emt 0:00:01]} Nge7 {[%emt 0:00:02]} 10. Bd3 {[%emt 0:00:02]} g6 {[%emt 0:00:01]} 11. Nc3 {[%emt 0:00:01]} Rg8 {[%emt 0:00:01]} 12. Qd2 {[%emt 0:00:02]} Nf5 {[%emt 0:00:01]} 13. Bxf5 {[%emt 0:00:01]} gxf5 {[%emt 0:00:00]} 14. O-O-O {[%emt 0:00:01]} Rc8 {[%emt 0:00:00]} 15. Kb1 {[%emt 0:00:01]} Bb4 {[%emt 0:00:02]} 16. a3 {[%emt 0:00:01]} Bxc3 {[%emt 0:00:01]} 17. bxc3 {[%emt 0:00:02]} Na5 {[%emt 0:00:01]} 18. Qa2 {[%emt 0:00:04]} Nc4 {[%emt 0:00:01]} 19. Bc1 {[%emt 0:00:01]} Rc6 {[%emt 0:00:01]} 20. Ka1 {[%emt 0:00:01]} Rb6 {[%emt 0:00:00]} 21. Rhg1 {[%emt 0:00:02]} Rg6 {[%emt 0:00:01]} 22. h4 {[%emt 0:00:01]} Qxh4 {[%emt 0:00:01]} 23. Rh1 {[%emt 0:00:01]} Qg3 {[%emt 0:00:01]} 24. Rxh7 {[%emt 0:00:02]} Qg2 {[%emt 0:00:00]} 25. Qxg2 {[%emt 0:00:03]} Rxg2 {[%emt 0:00:00]} 26. Rh8+ {[%emt 0:00:01]} Ke7 {[%emt 0:00:01]} 27. Rh7 {[%emt 0:00:01]} Rb3 {[%emt 0:00:02]} 28. Rd3 {[%emt 0:00:02]} Rg1 {[%emt 0:00:02]} 29. Ka2 {[%emt 0:00:02]} Rb6 {[%emt 0:00:02]} 30. Bd2 {[%emt 0:00:01]} Rg2 {[%emt 0:00:01]} 31. a4 {[%emt 0:00:04]} Rb2+ {[%emt 0:00:02]} 32. Ka1 {[%emt 0:00:01]} Rg1+ {[%emt 0:00:00]} 33. Be1 {[%emt 0:00:04]} Rxe1+ {[%emt 0:00:01]} 34. Rd1 {[%emt 0:00:00]} Rxd1# {[%emt 0:00:00] (Lag: Av=0.54s, max=1.4s)} 0-1

[Event "Stay Safe Play From Home 202"]
[Site "T#646585Emanuel Laske"]
[Date "2020.06.05"]
[Round "8"]
[White "Edmatuag"]
[Black "Rogan"]
[Result "0-1"]
[WhiteElo "1610"]
[BlackElo "2203"]
[Annotator "TA"]
[PlyCount "66"]
[EventDate "2020.06.05"]
[EventType "swiss (blitz)"]

{[%evp 9,65,11,43,29,39,14,34,20,27,8,27,20,74,60,81,14,55,-213,18,-62,-60,-68,127,64,188,191,375,357,353,330,331,306,360,350,347,345,364,362,363,284,239,0,487,0,0,-847,-772,-893,-886,-1083,-642,-604,0,-373,-198,-254,-170,-29999]} 1. Nf3 d5 2. g3 c6 3. Bg2 Nf6 4. d3 Bg4 5. Nbd2 Bxf3 6. Nxf3 {A07: Réti Opening: New York and Capablanca Systems.} e6 {[#]} 7. b3 $146 ({Predecessor:} 7. O-O Bd6 8. c4 Nbd7 9. b3 Qc7 10. Bb2 h5 11. cxd5 exd5 12. e4 dxe4 13. dxe4 {1-0 (47) Thompson,R (1966)-Heinechen,J (1901) Kocaeli 2013}) 7... Bd6 8. Bb2 {White is slightly better.} Nbd7 9. Qd2 Qc7 10. c4 h5 (10... O-O $11) 11. Rc1 Qb6 12. h4 (12. O-O $1 $16) 12... a5 13. d4 $2 {[%mdl 8192] [#]} (13. O-O $14) 13... Ne4 $2 (13... Bb4 $1 $19 {[%cal Rb4d2]} 14. Rc3 a4) 14. Qe3 ({Better is} 14. Qd3 $11) 14... Bb4+ $15 15. Kf1 f5 $2 (15... Ndf6 $1 $15 {stays ahead.} 16. c5 Qc7) 16. c5 $36 {[%mdl 2048] White has some pressure.} Qc7 (16... Qb5 $14) 17. a3 $18 {[%cal Ba2a3,Ba3b4][%mdl 32]} a4 $2 (17... f4 18. gxf4 Ndf6) 18. axb4 a3 19. Ba1 a2 20. Rc2 Ndf6 {intending ...Ng4.} 21. Ne5 O-O 22. Qf4 Ra3 23. f3 Rxb3 {White must now prevent ...Rb1+.} 24. fxe4 Rb1+ {[#]} 25. Kf2 $2 ({Only move:} 25. Rc1 $1 $18 fxe4 26. Kg1) 25... Nxe4+ $2 {[%mdl 8192]} (25... fxe4 $11 26. e3 (26. Rxa2 $2 Ng4+ {[%mdl 64] Discovered Attack} 27. Nxg4 Rxf4+ 28. Ke3 Rb3+ 29. Kd2 Rxg4 $19) 26... Ng4+ 27. Nxg4 {[%mdl 64] Discovered Attack} hxg4) 26. Bxe4 $2 ({White should try} 26. Kf3 $18) 26... fxe4 $11 27. Rhc1 $2 {[%mdl 8192]} (27. Qxf8+ $11 Kxf8 28. Kg2 Rxh1 29. Kxh1) 27... Rxf4+ $19 28. gxf4 Qd8 29. Kg3 Qf6 30. e3 g5 $2 (30... Qd8 $19 {aiming for ...Qa8.} 31. Bb2 Qa8) 31. hxg5 $2 {[%mdl 8192]} (31. fxg5 $11 {and White stays safe.} Qe7 32. Kh3) 31... Qf5 (31... Qf8 $142 32. b5 Qa8 33. bxc6 bxc6) 32. Kh4 (32. b5 $142) 32... Kg7 33. Kxh5 $2 (33. g6 $19) 33... Qh3# {Black used his chance. Accuracy: White = 48%, Black = 46%.} 0-1

[Event "Stay Safe Play From Home 202"]
[Site "T#646585Emanuel Laske"]
[Date "2020.06.05"]
[Round "8"]
[White "Cubail"]
[Black "SoulofWolf"]
[Result "0-1"]
[WhiteElo "1349"]
[BlackElo "2131"]
[Annotator "TA"]
[PlyCount "44"]
[EventDate "2020.06.05"]
[EventType "swiss (blitz)"]

{[%evp 9,44,-17,136,141,135,-25,39,35,183,-56,166,164,525,524,458,466,472,447,1000,380,359,50,435,454,385,41,47,39,31,15,27,19,38,33,101,85,155]} 1. f4 d5 2. e3 Nf6 3. Nf3 h6 4. d4 {[#]} c5 $146 ({Predecessor:} 4... Bf5 5. Bd3 Bxd3 6. cxd3 e6 7. O-O Nbd7 8. Nc3 c6 9. Kh1 Qc7 10. Ne5 g5 11. e4 Nxe5 12. dxe5 {½-½ (75) Costa Trave,J (1853)-Genoves Dexeus,D (1636) Barcelona 2019}) 5. c4 Nc6 $2 ({Black should play} 5... e6 $11) 6. cxd5 $1 $16 {A03: Bird's Opening with 1...d5.} Nxd5 7. Nc3 $2 (7. e4 $1 $16 {[%cal Re4d5]} Nf6 8. d5 Nxe4 9. Qd3 Qa5+ 10. Nbd2 Nxd2 11. Bxd2) 7... Nxc3 ({Better is} 7... cxd4 $11 8. exd4 Bf5) 8. bxc3 $14 {White is slightly better.} Bg4 {[#]} (8... e6 $14) 9. Ba3 $2 ({White has to play} 9. d5 $1 $18) 9... b6 $2 (9... cxd4 $15 {keeps the upper hand.} 10. exd4 Qa5) 10. Bb5 $18 Qd6 $2 (10... Bd7 11. Qa4 (11. dxc5 e6 $16) 11... Qc8) 11. Qa4 {Threatens to win with dxc5.} Bxf3 12. gxf3 Rc8 13. O-O-O Qc7 (13... e6 $142 14. c4 Be7) 14. dxc5 $2 (14. d5) 14... e6 15. cxb6 $2 (15. Qa6 $18) 15... axb6 $2 {[%mdl 8192]} (15... Qxb6 $14 16. Bxf8 Kxf8) 16. Bxf8 Kxf8 {[#]} 17. Qe4 $2 (17. Bxc6 $1 $18 Kg8 18. Be4) 17... Na7 $14 18. Qb4+ Kg8 19. Bd3 Qxc3+ 20. Qxc3 Rxc3+ 21. Kb2 Rc5 ({Black should try} 21... Rc7 $14) 22. Rc1 $16 g5 {[%mdl 32768] Black escapes into a draw. Accuracy: White = 41%, Black = 26%. . Loss on time!?} (22... Rd5 $142 23. Rhd1 g5) 0-1

[Event "Stay Safe Play From Home 202"]
[Site "T#646585Emanuel Laske"]
[Date "2020.06.05"]
[Round "9"]
[White "XShot"]
[Black "Leauacristi"]
[Result "1-0"]
[WhiteElo "2515"]
[BlackElo "1863"]
[Annotator "TA"]
[PlyCount "47"]
[EventDate "2020.06.05"]
[EventType "swiss (blitz)"]

{[%evp 9,47,-6,35,0,0,0,0,0,0,-16,0,-32,0,0,36,18,65,25,108,114,405,12,29,-312,732,755,718,609,635,625,1375,1347,1588,1580,1424,1566,29988,1513,1424,1424]} 1. d4 Nf6 2. Nf3 e6 3. Nc3 c5 4. Bg5 cxd4 5. Qxd4 a6 6. Qh4 {A46: 1 d4 Nf6 2 Nf3 e6: Torre, London and Colle Systems.} (6. Ne4 {feels hotter.} Be7 7. Nd6+ Bxd6 8. Qxd6 Qe7 9. Qxe7+ Kxe7 10. e4) 6... Be7 7. O-O-O Qc7 8. e4 {Strongly threatening e5.The position is equal.} Nc6 {[#]} 9. Kb1 $146 ({Predecessor:} 9. Be2 d6 10. Rhe1 O-O 11. e5 Nxe5 12. Nxe5 dxe5 13. Bd3 Re8 14. Bxf6 Bxf6 15. Qxh7+ {1-0 (38) Lugovoy,D (2098)-Toropov,P (2252) Sochi 2018}) 9... d6 10. Bc4 Bd7 (10... b5 $5 {[%cal Rb5c4]} 11. Bd3 Bb7 $11) 11. Rhe1 Ne5 12. Bb3 Rc8 13. Nd4 b5 (13... h6 $11 14. Bc1 O-O) 14. f4 $36 {[%mdl 2048] White is in control.} Nc4 $2 {[%mdl 8192]} (14... Ng6 $16 {might work better.} 15. Qh3 Nxf4 {[%mdl 64] Decoy} 16. Bxf4 e5) 15. e5 $2 (15. Bxc4 $18 bxc4 16. e5 dxe5 17. fxe5) 15... dxe5 $11 16. Bxc4 $4 {[%mdl 8192]} (16. fxe5 $11 Nxe5 17. Nf5 exf5 18. Bf4) 16... Qxc4 $4 {[%mdl 8192]} (16... exd4 $19 17. Rxd4 bxc4) 17. fxe5 $18 Nd5 18. Nxd5 Bxg5 19. Qxg5 {[%csl Gd5][%cal Rg5e7]} exd5 20. Qxg7 Rf8 {[#]} 21. e6 $1 fxe6 22. Nxe6 {[%csl Ge6][%cal Rg7f8]} Qxc2+ {[#]} 23. Ka1 $1 {[%csl Ge6][%cal Rg7f8][%mdl 512]} Qxd1+ 24. Rxd1 {Accuracy: White = 53%, Black = 40%.} 1-0

[Event "Stay Safe Play From Home 202"]
[Site "T#646585Emanuel Laske"]
[Date "2020.06.05"]
[Round "9"]
[White "Mepe_Nika"]
[Black "Cubail"]
[Result "1-0"]
[WhiteElo "2323"]
[BlackElo "1349"]
[Annotator "TA"]
[PlyCount "47"]
[EventDate "2020.06.05"]
[EventType "swiss (blitz)"]

{[%evp 10,47,70,72,95,68,66,72,70,71,129,79,87,84,260,126,213,210,206,121,123,79,277,268,337,343,455,295,371,335,309,125,439,442,764,763,737,709,911,903]} 1. d4 f5 2. c4 Nf6 3. Nc3 e6 4. Nf3 c6 5. Bf4 d5 6. e3 Bb4 {A84: Dutch Defence: 2 c4 Miscellaneous.} 7. Qc2 Ne4 8. Bd3 Nd7 {White is better.} 9. O-O Ndf6 (9... O-O $142) 10. Ne5 {[#]} Bxc3 $146 ({Predecessor:} 10... O-O 11. f3 Bxc3 12. bxc3 Nd6 13. c5 Nf7 14. h3 Nxe5 15. Bxe5 b6 16. Bd6 Rf7 {1-0 (33) Gagarin,V (2329)-Sarbu,Z (1460) Varna 2013}) 11. bxc3 Qa5 $2 {[#]} (11... g5 $16 {might work better.}) 12. Rac1 (12. f3 $18) 12... O-O (12... Nh5 $16 13. Bxe4 dxe4) 13. f3 $18 Nd6 14. c5 (14. Nxc6 $1 $18 bxc6 15. Bxd6) 14... Nf7 $16 15. e4 fxe4 $2 {[#]} (15... Nh5 $16 16. Be3 Nxe5 17. dxe5 dxe4 18. fxe4 f4) 16. fxe4 $18 Nxe5 17. Bxe5 Bd7 18. Bxf6 Rxf6 19. Rxf6 gxf6 20. Rf1 (20. exd5 $18 Kh8 21. Qf2) 20... Kg7 $2 {[%mdl 8192]} (20... dxe4 $16 {is tougher.} 21. Bxe4 f5) 21. exd5 {White is clearly winning.} f5 (21... cxd5 $142 22. Rf3 Rh8) 22. dxe6 Bxe6 23. Bxf5 Rf8 24. Bxe6 {Accuracy: White = 26%, Black = 20%.} 1-0

[Event "Stay Safe Play From Home 202"]
[Site "T#646585Emanuel Laske"]
[Date "2020.06.05"]
[Round "9"]
[White "little champs"]
[Black "Trotsky"]
[Result "0-1"]
[WhiteElo "2290"]
[BlackElo "1618"]
[Annotator "TA"]
[PlyCount "44"]
[EventDate "2020.06.05"]
[EventType "swiss (blitz)"]

{[%evp 9,43,29,27,0,69,60,67,72,143,65,73,72,62,64,136,130,121,130,135,117,154,150,149,93,108,117,607,221,408,407,420,383,515,-402,-391,-29999]} 1. d4 d5 2. e3 e6 3. Nf3 c5 4. c4 Nc6 5. dxc5 Bxc5 6. Nc3 {[%cal Rc4d5] D30: Queen's Gambit Declined: Systems without Nc3.} a6 ({Black should try} 6... Nf6 $11) 7. cxd5 $14 exd5 8. Qxd5 {White is slightly better.} Qb6 (8... Qe7 $142) 9. Bc4 (9. Qg5 $16 Kf8 10. Nd5 Bb4+ 11. Nxb4 {[%mdl 64] Overworked Piece} Nxb4 12. Nd4) 9... Be6 10. Qe4 Nf6 11. Qh4 $1 O-O-O (11... Ne7 $14 12. Bxe6 Qxe6) 12. Bxe6+ $16 fxe6 13. O-O Bd6 14. Bd2 Qc7 15. Rad1 h6 16. Bc1 (16. Qa4 $142) 16... g5 17. Qc4 Ng4 $2 {[%mdl 8192] [#]} (17... Rhe8 $16) 18. h3 $2 (18. Qxe6+ Kb8 19. Qxg4) 18... h5 $2 (18... Nh2 {is a better defense.}) 19. Ne4 $18 ({Less strong is} 19. hxg4 hxg4 20. Rxd6 (20. Qxe6+ Kb8 $11) (20. Qxg4 Bh2+ 21. Kh1 Be5+ 22. Kg1 Bh2+ 23. Kh1 Be5+ 24. Kg1 Bh2+ $11) 20... Rxd6 $18) 19... Bh2+ 20. Kh1 Kb8 21. Nexg5 $4 {[%mdl 8192]} (21. Nfxg5 $18 {and all is fine.} Bg1 22. Rxd8+ Rxd8 23. g3 Nxf2+ 24. Kxg1 Nxe4 25. Nxe4) 21... Rxd1 $19 {[%mdl 64] [#] Overworked Piece} 22. Rxd1 $2 (22. Qe2 $19 Rxf1+ 23. Qxf1) 22... Nxf2# {What a bad dream for White. Accuracy: White = 42%, Black = 29%.} 0-1